000 01090cam a2200325 a 4500
001 3734
003 FISKH
005 20240425145332.0
008 070730s2008 nyua j 000 1 eng
010 _a 2007026222
020 _a9781416954514 (pbk.)
020 _a1416954511 (pbk.)
040 _aDLC
_cDLC
_dDLC
_beng
050 _aPZ7.L323817
082 _a199
100 1 _aLarsen, Kirsten.
245 1 0 _aDora and the baby crab /
_cby Kirsten Larsen ; illustrated by Robert Roper.
260 _aNew York :
_bSimon Spotlight/Nick Jr.,
_c2008.
300 _a24 unnumbered pages :
_bcolor illustrations ;
_c23 cm
490 0 _aReady-to-read
500 _a"Based on the TV series Dora the Explorer, as seen on Nick Jr."--T.p. verso.
520 _a"Read along as Dora and Boots help Baby Crab bring a shell necklace to his mother!"
521 8 _a100
_bLexile
521 8 _aB
_bRaz-Plus
650 _aDora
_vAdventure
_xCrab
700 1 _aRoper, Robert
_qIllustrator
906 _a7
_bcbc
_corignew
_d1
_eecip
_f20
_gy-gencatlg
942 _2ddc
_cBK
_n0
999 _c3734
_d3734